Современные методы оценки эффективности трудовой деятельности; Ресурсоэффективные системы в управлении и контроле: взгляд в будущее; Ч. 2

Bibliografski detalji
Parent link:Ресурсоэффективные системы в управлении и контроле: взгляд в будущее: сборник научных трудов III Международной конференции школьников, студентов, аспирантов, молодых ученых, 06 - 11 октября 2014 г./ Национальный исследовательский Томский политехнический университет (ТПУ).— , 2014
Ч. 2.— 2014.— [С. 66-67]
Glavni autor: Герасимова О. В.
Autor kompanije: Национальный исследовательский Томский политехнический университет (ТПУ) Институт неразрушающего контроля (ИНК) Кафедра физических методов и приборов контроля качества (ФМПК)
Daljnji autori: Янушевская М. Н. Марина Николаевна (научный руководитель)
Sažetak:Заглавие с титульного экрана
Jezik:ruski
Izdano: 2014
Serija:Эффективные системы управления качеством
Teme:
Online pristup:http://www.lib.tpu.ru/fulltext/c/2014/C47/V2/019.pdf
Format: Elektronički Poglavlje knjige
KOHA link:https://koha.lib.tpu.ru/cgi-bin/koha/opac-detail.pl?biblionumber=611195

MARC

LEADER 00000naa2a2200000 4500
001 611195
005 20231101132638.0
035 |a (RuTPU)RU\TPU\conf\8921 
035 |a RU\TPU\conf\8920 
090 |a 611195 
100 |a 20150227d2014 k y0rusy50 ca 
101 0 |a rus 
102 |a RU 
105 |a y z 101zy 
135 |a drgn ---uucaa 
181 0 |a i  
182 0 |a b 
200 1 |a Современные методы оценки эффективности трудовой деятельности  |f О. В. Герасимова  |g науч. рук. М. Н. Янушевская 
203 |a Текст  |c электронный 
225 1 |a Эффективные системы управления качеством 
230 |a 1 компьютерный файл (pdf; 329 Kb) 
300 |a Заглавие с титульного экрана 
320 |a [Библиогр.: с. 67 (3 назв.)] 
337 |a Adobe Reader 
461 1 |0 (RuTPU)RU\TPU\conf\8514  |t Ресурсоэффективные системы в управлении и контроле: взгляд в будущее  |o сборник научных трудов III Международной конференции школьников, студентов, аспирантов, молодых ученых, 06 - 11 октября 2014 г.  |o в 4 ч.  |f Национальный исследовательский Томский политехнический университет (ТПУ)  |d 2014 
463 0 |0 (RuTPU)RU\TPU\conf\8518  |t Ч. 2  |v [С. 66-67]  |d 2014 
610 1 |a труды учёных ТПУ 
610 1 |a электронный ресурс 
610 1 |a современные методы 
610 1 |a оценка эффективности 
610 1 |a трудовая деятельность 
610 1 |a эффективность 
700 1 |a Герасимова  |b О. В. 
702 1 |a Янушевская  |b М. Н.  |c специалист в области неразрушающего контроля  |c старший преподаватель Томского политехнического университета  |f 1969-  |g Марина Николаевна  |2 stltpush  |4 727 
712 0 2 |a Национальный исследовательский Томский политехнический университет (ТПУ)  |b Институт неразрушающего контроля (ИНК)  |b Кафедра физических методов и приборов контроля качества (ФМПК)  |h 68  |2 stltpush  |3 (RuTPU)RU\TPU\col\18709 
801 2 |a RU  |b 63413507  |c 20150227  |g RCR 
856 4 |u http://www.lib.tpu.ru/fulltext/c/2014/C47/V2/019.pdf 
942 |c BK